[Event "GER-chT DLM U20"]
[Site "Wismar"]
[Date "2009.09.30"]
[Round "2"]
[White "Bradler, Stephan"]
[Black "Mueller, Tobias"]
[Result "1/2-1/2"]
[WhiteElo "2061"]
[BlackElo "1922"]
[PlyCount "100"]
[EventDate "2009.09.30"]
[EventType "team-swiss"]
[EventRounds "7"]
[EventCountry "GER"]
[SourceTitle "CBM 132 Extra"]
[Source "ChessBase"]
[SourceDate "2009.11.03"]
[SourceVersion "1"]
[SourceVersionDate "2009.11.03"]
[SourceQuality "1"]
[WhiteTeam "Niedersachsen U20"]
[BlackTeam "Hamburg U20"]
[WhiteTeamCountry "GER"]
[BlackTeamCountry "GER"]

1. e4 c5 2. Nf3 d6 3. d4 cxd4 4. Nxd4 Nf6 5. Nc3 g6 6. Be3 Bg7 7. f3 0-0 8. Qd2 Nc6 9. Bc4 Bd7 10. 0-0-0 Rb8 11. Bb3 Na5 12. Bh6 Bxh6 13. Qxh6 b5 14. g4 Nxb3+ 15. Nxb3 a5 16. h4 a4 17. Nd4 b4 18. Nd5 b3 19. cxb3 axb3 20. a3 e5 21. Nf5 Bxf5 22. Nxf6+ Qxf6 23. gxf5 d5 24. Kb1 dxe4 25. fxg6 fxg6 26. fxe4 Qc6 27. Qd2 Qxe4+ 28. Qd3 Qf5 29. Rhe1 Rbd8 30. Qxf5 gxf5 31. Rxd8 Rxd8 32. Kc1 e4 33. Re3 Rb8 34. Kd2 Kf7 35. Rc3 Ke6 36. Ke3 Rg8 37. Kd4 Rg4 38. Rc6+ Kf7 39. Ke5 e3 40. Kxf5 Rxh4 41. Rf6+ Kg7 42. Re6 Rh2 43. Re7+ Kf8 44. Rxe3 Rxb2 45. Ke4 Ke7 46. Kd4+ Kf6 47. Kc3 Rb1 48. Rh3 Kg6 49. Rg3+ Kf7 50. Rh3 Kg7 1/2-1/2

[Event "GER-ch U18"]
[Site "Willingen"]
[Date "2009.06.06"]
[Round "9"]
[White "Bradler, Stephan"]
[Black "Meissner, Felix"]
[Result "1-0"]
[WhiteElo "2006"]
[BlackElo "2131"]
[PlyCount "49"]
[EventDate "2009.05.30"]
[EventType "swiss"]
[EventRounds "9"]
[EventCountry "GER"]
[SourceTitle "CBM 130 Extra"]
[Source "ChessBase"]
[SourceDate "2009.07.02"]
[SourceVersion "2"]
[SourceVersionDate "2009.07.15"]
[SourceQuality "1"]

1. e4 c5 2. Nf3 d6 3. d4 cxd4 4. Nxd4 Nf6 5. Nc3 a6 6. Bg5 e6 7. f4 Qb6 8. Qd2 Nc6 9. 0-0-0 Qxd4 10. Qxd4 Nxd4 11. Rxd4 Be7 12. Be2 h6 13. Bh4 Bd7 14. e5 dxe5 15. fxe5 Ng8 16. Bf3 Bc6 17. Bxc6+ bxc6 18. Ne4 Bxh4 19. Nd6+ Ke7 20. Rxh4 f6 21. Rb4 Rd8 22. Rd1 Rd7 23. Rb8 Rc7 24. Re8+ Kd7 25. Rf8 1-0

[Event "GER-ch U18"]
[Site "Willingen"]
[Date "2009.06.03"]
[Round "6"]
[White "Hirschberg, Valerian"]
[Black "Bradler, Stephan"]
[Result "1/2-1/2"]
[WhiteElo "2079"]
[BlackElo "2006"]
[PlyCount "45"]
[EventDate "2009.05.30"]
[EventType "swiss"]
[EventRounds "9"]
[EventCountry "GER"]
[SourceTitle "CBM 130 Extra"]
[Source "ChessBase"]
[SourceDate "2009.07.02"]
[SourceVersion "2"]
[SourceVersionDate "2009.07.15"]
[SourceQuality "1"]

1. Nf3 Nf6 2. d4 g6 3. g3 Bg7 4. Bg2 0-0 5. 0-0 d6 6. c4 Nbd7 7. Nc3 e5 8. e4 a6 9. Re1 exd4 10. Nxd4 Re8 11. h3 Rb8 12. Be3 Ne5 13. b3 c5 14. Nde2 b5 15. f4 Ned7 16. Qxd6 b4 17. e5 bxc3 18. exf6 Rxe3 19. fxg7 Rb6 20. Qd1 Rbe6 21. Kf2 Qf6 22. Qc2 g5 23. Rad1 1/2-1/2

[Event "GER-ch U18"]
[Site "Willingen"]
[Date "2009.06.02"]
[Round "5"]
[White "Bradler, Stephan"]
[Black "Strunski, Andreas"]
[Result "0-1"]
[WhiteElo "2006"]
[BlackElo "2329"]
[PlyCount "120"]
[EventDate "2009.05.30"]
[EventType "swiss"]
[EventRounds "9"]
[EventCountry "GER"]
[SourceTitle "CBM 130 Extra"]
[Source "ChessBase"]
[SourceDate "2009.07.02"]
[SourceVersion "2"]
[SourceVersionDate "2009.07.15"]
[SourceQuality "1"]

1. e4 c5 2. Nf3 e6 3. d4 cxd4 4. Nxd4 Nc6 5. Nc3 Qc7 6. Be2 a6 7. 0-0 Nf6 8. Be3 Bb4 9. Na4 Bd6 10. Nxc6 bxc6 11. Nb6 Rb8 12. g3 Be7 13. Nxc8 Qxc8 14. Bd4 c5 15. Be5 Rb6 16. b3 0-0 17. Bd3 Re8 18. Re1 d5 19. exd5 exd5 20. Qd2 Qh3 21. Bf1 Qf5 22. Bg2 Re6 23. Bxf6 Bxf6 24. Rxe6 fxe6 25. Re1 Re7 26. Qd3 Qxd3 27. cxd3 Kf7 28. f4 g6 29. g4 Bc3 30. Re2 Rd7 31. Bh3 Rd6 32. Kg2 a5 33. g5 Rb6 34. Bg4 Bg7 35. h4 Rc6 36. Kf3 a4 37. bxa4 c4 38. dxc4 dxc4 39. Ke3 Bf8 40. Kd4 Bg7+ 41. Ke4 Rd6 42. a5 c3 43. h5 gxh5 44. Bxh5+ Ke7 45. f5 exf5+ 46. Kxf5+ Kd7 47. Be8+ Kd8 48. Ba4 Rd5+ 49. Kf4 Rxa5 50. Re8+ Kc7 51. Re7+ Kd6 52. Rxg7 Rxa4+ 53. Ke3 Rc4 54. Kd3 c2 55. Kxc4 c1Q+ 56. Kd3 Qa3+ 57. Ke4 Qb4+ 58. Kd3 Qb5+ 59. Kc2 Qc4+ 60. Kb1 Qd3+ 0-1

[Event "Niedersachsen-ch U18"]
[Site "Rotenburg"]
[Date "2008.03.19"]
[Round "7"]
[White "Sauer, Norwin"]
[Black "Bradler, Stephan"]
[Result "1-0"]
[WhiteElo "1995"]
[BlackElo "1988"]
[PlyCount "79"]
[EventDate "2008.03.15"]
[EventType "swiss"]
[EventRounds "9"]
[EventCountry "GER"]
[SourceTitle "EXT 2009"]
[Source "ChessBase"]
[SourceDate "2008.11.26"]
[SourceVersion "1"]
[SourceVersionDate "2008.11.26"]
[SourceQuality "1"]

1. d4 Nf6 2. c4 g6 3. Nc3 Bg7 4. e4 d6 5. Be2 0-0 6. Bg5 Na6 7. h3 e5 8. d5 c6 9. Nf3 h6 10. Be3 cxd5 11. exd5 Bf5 12. 0-0 Ne4 13. Nb5 Nec5 14. a3 b6 15. b4 Nb7 16. Rc1 Bd7 17. Nxd6 Nxd6 18. c5 Nc7 19. cxd6 Ne8 20. Nd2 Nxd6 21. Nc4 Qe7 22. Qb3 Rfc8 23. Nxd6 Qxd6 24. Ba6 Rxc1 25. Rxc1 f5 26. Bb7 Rb8 27. Bc6 f4 28. Bd2 Kh7 29. b5 Bxc6 30. bxc6 a5 31. c7 Rc8 32. Rc6 Qd7 33. Qc2 Qxd5 34. Rxg6 e4 35. Rxb6 f3 36. Bf4 Be5 37. Rxh6+ Kg7 38. Rh5 Bxf4 39. Rxd5 Rxc7 40. Rc5 1-0

[Event "GER-chT Lands U20"]
[Site "Verden an der Aller"]
[Date "2007.10.01"]
[Round "5.2"]
[White "Bradler, Stephan"]
[Black "Strunski, Andreas"]
[Result "1/2-1/2"]
[WhiteElo "1851"]
[BlackElo "2203"]
[PlyCount "96"]
[EventDate "2007.09.29"]
[EventType "team-swiss"]
[EventRounds "7"]
[EventCountry "GER"]
[SourceTitle "CBM 120 Extra"]
[Source "ChessBase"]
[SourceDate "2007.11.01"]
[SourceVersion "1"]
[SourceVersionDate "2007.11.01"]
[SourceQuality "1"]
[WhiteTeam "Niedersachsen II"]
[BlackTeam "Wuerttemberg"]
[WhiteTeamCountry "GER"]
[BlackTeamCountry "GER"]

1. e4 c5 2. Nf3 e6 3. d4 cxd4 4. Nxd4 a6 5. Bd3 Bc5 6. Nb3 Ba7 7. 0-0 Nc6 8. c4 d6 9. Nc3 Nge7 10. Qe2 0-0 11. Be3 e5 12. Rac1 Ng6 13. Nd5 a5 14. c5 a4 15. Nd2 Bxc5 16. Bxc5 dxc5 17. Rxc5 a3 18. b3 Be6 19. g3 Nd4 20. Qe3 b6 21. Rc3 Bxd5 22. exd5 Qxd5 23. Be4 Qa5 24. Bxa8 Qxc3 25. Qxc3 Ne2+ 26. Kg2 Nxc3 27. Bf3 Rd8 28. Nc4 e4 29. Bh5 b5 30. Nxa3 Ne5 31. Nb1 Nxa2 32. Rd1 Rxd1 33. Bxd1 f5 34. b4 Kf8 35. Bb3 Nxb4 36. Nc3 Nbd3 37. Nxb5 Ng4 38. f4 Nc1 39. h3 Nxb3 40. hxg4 fxg4 41. Kf2 Nc5 42. Ke3 h5 43. Kd4 Nd7 44. Kxe4 Nf6+ 45. Kf5 h4 46. gxh4 g3 47. Nd4 Kf7 48. Kg5 g6 1/2-1/2

[Event "GER-chT Lands U20"]
[Site "Verden an der Aller"]
[Date "2007.09.29"]
[Round "1.2"]
[White "Dann, Matthias"]
[Black "Bradler, Stephan"]
[Result "1-0"]
[WhiteElo "2109"]
[BlackElo "1851"]
[PlyCount "103"]
[EventDate "2007.09.29"]
[EventType "team-swiss"]
[EventRounds "7"]
[EventCountry "GER"]
[SourceTitle "CBM 120 Extra"]
[Source "ChessBase"]
[SourceDate "2007.11.01"]
[SourceVersion "1"]
[SourceVersionDate "2007.11.01"]
[SourceQuality "1"]
[WhiteTeam "Rheinland Pfalz"]
[BlackTeam "Niedersachsen II"]
[WhiteTeamCountry "GER"]
[BlackTeamCountry "GER"]

1. e4 c5 2. Nf3 Nc6 3. d4 cxd4 4. Nxd4 Nf6 5. Nc3 e5 6. Ndb5 d6 7. Bg5 a6 8. Na3 b5 9. Nd5 Be7 10. Bxf6 Bxf6 11. c3 0-0 12. Nc2 Bg5 13. a4 bxa4 14. Rxa4 a5 15. Bc4 Rb8 16. b3 Kh8 17. 0-0 f5 18. exf5 Bxf5 19. Nce3 Bxe3 20. Nxe3 Be4 21. f3 Qb6 22. Re1 Bg6 23. Kh1 Ne7 24. Qa1 Ra8 25. b4 Qc6 26. Rxa5 d5 27. Nxd5 Rxa5 28. Qxa5 Qxc4 29. Nxe7 Qxc3 30. Qxe5 Qxb4 31. Nxg6+ hxg6 32. h3 Qf4 33. Qe4 Kh7 34. Ra1 Rf5 35. Ra4 Qc1+ 36. Kh2 Qc7+ 37. f4 Qb8 38. Rd4 Qb2 39. Qe3 Qb8 40. h4 Rb5 41. Rd7 Rb7 42. Rd5 Rb5 43. Re5 Rb3 44. Qe4 Rb5 45. h5 Rxe5 46. fxe5 Kg8 47. hxg6 Qe8 48. Kg3 Qd8 49. Qf5 Qc7 50. Qe6+ Kf8 51. Qd6+ Qxd6 52. exd6 1-0

[Event "Niedersachsen-ch U16"]
[Site "Rotenburg/Wuemme"]
[Date "2007.04.04"]
[Round "6"]
[White "Bor, Tobias"]
[Black "Bradler, Stephan"]
[Result "0-1"]
[WhiteElo "1702"]
[BlackElo "1847"]
[PlyCount "50"]
[EventDate "2007.03.31"]
[EventType "swiss"]
[EventRounds "9"]
[EventCountry "GER"]
[SourceTitle "EXT 2008"]
[Source "ChessBase"]
[SourceDate "2007.11.25"]
[SourceVersion "1"]
[SourceVersionDate "2007.11.25"]
[SourceQuality "1"]

1. Nf3 Nf6 2. d4 g6 3. Bg5 Bg7 4. Nbd2 c5 5. c3 d5 6. e3 0-0 7. Bd3 Qb6 8. Qc1 cxd4 9. cxd4 Nc6 10. 0-0 Nb4 11. Bb1 Bd7 12. a3 Rfc8 13. Qd1 Na6 14. b4 Rc3 15. e4 Bb5 16. Re1 Nxe4 17. Nxe4 dxe4 18. Bxe4 e6 19. d5 exd5 20. Qxd5 Bc6 21. Qd1 Bxe4 22. Rxe4 Qb5 23. Nd4 Qxg5 24. Rg4 Qd5 25. Qd2 Rc4 0-1

[Event "Niedersachsen-ch U16"]
[Site "Rotenburg/Wuemme"]
[Date "2007.04.04"]
[Round "5"]
[White "Gersch, Andre"]
[Black "Bradler, Stephan"]
[Result "1/2-1/2"]
[WhiteElo "1688"]
[BlackElo "1847"]
[PlyCount "28"]
[EventDate "2007.03.31"]
[EventType "swiss"]
[EventRounds "9"]
[EventCountry "GER"]
[SourceTitle "EXT 2008"]
[Source "ChessBase"]
[SourceDate "2007.11.25"]
[SourceVersion "1"]
[SourceVersionDate "2007.11.25"]
[SourceQuality "1"]

1. e4 e5 2. Nf3 Nf6 3. Nc3 Bb4 4. Nxe5 0-0 5. Nd3 Bxc3 6. dxc3 Nxe4 7. Be2 d5 8. Nf4 c6 9. 0-0 Nd6 10. Bd3 Bf5 11. Bxf5 Nxf5 12. Qg4 Nh6 13. Qg3 Nf5 14. Qg4 Nh6 1/2-1/2

[Event "Niedersachsen-ch U16"]
[Site "Rotenburg/Wuemme"]
[Date "2007.04.01"]
[Round "2"]
[White "Torwelle, Marcel"]
[Black "Bradler, Stephan"]
[Result "1/2-1/2"]
[WhiteElo "1844"]
[BlackElo "1847"]
[PlyCount "81"]
[EventDate "2007.03.31"]
[EventType "swiss"]
[EventRounds "9"]
[EventCountry "GER"]
[SourceTitle "EXT 2008"]
[Source "ChessBase"]
[SourceDate "2007.11.25"]
[SourceVersion "1"]
[SourceVersionDate "2007.11.25"]
[SourceQuality "1"]

1. Nf3 c5 2. c4 Nc6 3. d4 cxd4 4. Nxd4 g6 5. e4 Bg7 6. Be3 Nf6 7. Nc3 d6 8. f3 0-0 9. Qd2 a6 10. Be2 Bd7 11. 0-0 Rc8 12. Rac1 Ne5 13. Nd5 Bc6 14. Rfd1 Ned7 15. b4 Ba4 16. Re1 Nxd5 17. cxd5 Bxd4 18. Qxd4 f6 19. f4 Rxc1 20. Rxc1 Qb8 21. Qc3 Rd8 22. Qc7 Kf7 23. Qa5 b5 24. Qxa6 h5 25. Qc6 Kf8 26. g4 h4 27. g5 fxg5 28. fxg5 Ne5 29. Rf1+ Kg8 30. Qc1 Qc8 31. Qe1 Qc2 32. Rf4 Nd3 33. Bxd3 Qxd3 34. Rxh4 Rf8 35. Bf2 Bd1 36. Rh6 Bh5 37. Qa1 Kf7 38. Rh7+ Ke8 39. Qc1 Qd1+ 40. Qxd1 Bxd1 41. Rg7 1/2-1/2

[Event "Niedersachsen-ch U16"]
[Site "Rotenburg/Wuemme"]
[Date "2007.03.31"]
[Round "1"]
[White "Bradler, Stephan"]
[Black "Orschulik, Nils"]
[Result "1-0"]
[WhiteElo "1847"]
[BlackElo "1600"]
[PlyCount "59"]
[EventDate "2007.03.31"]
[EventType "swiss"]
[EventRounds "9"]
[EventCountry "GER"]
[SourceTitle "EXT 2008"]
[Source "ChessBase"]
[SourceDate "2007.11.25"]
[SourceVersion "1"]
[SourceVersionDate "2007.11.25"]
[SourceQuality "1"]

1. e4 d5 2. exd5 Qxd5 3. Nc3 Qa5 4. d4 Nf6 5. Bd2 Qb6 6. Nf3 Bg4 7. Be2 c6 8. Na4 Qc7 9. c4 e6 10. 0-0 Nbd7 11. Rc1 Be7 12. h3 Bh5 13. Re1 0-0 14. Nc3 Nb6 15. Ne5 Bxe2 16. Qxe2 Rad8 17. Be3 Rfe8 18. Rcd1 h6 19. Bf4 Qc8 20. Qf3 Nfd7 21. b3 Bf6 22. Ne4 Be7 23. Qg3 g5 24. h4 Nxe5 25. Bxe5 Kh7 26. hxg5 Nd7 27. Bd6 Bxg5 28. Nxg5+ hxg5 29. Qxg5 f6 30. Qh5+ 1-0

[Event "Bezirk-ch U16"]
[Site "Peine"]
[Date "2006.10.15"]
[Round "2"]
[White "Kessler, Marcel"]
[Black "Bradler, Stephan"]
[Result "0-1"]
[WhiteElo "1564"]
[BlackElo "1810"]
[PlyCount "66"]
[EventDate "2006.10.14"]
[EventType "swiss"]
[EventRounds "7"]
[EventCountry "GER"]
[SourceTitle "EXT 2008"]
[Source "ChessBase"]
[SourceDate "2007.11.25"]
[SourceVersion "1"]
[SourceVersionDate "2007.11.25"]
[SourceQuality "1"]

1. d4 d5 2. Nf3 Nc6 3. h3 Nf6 4. e3 e6 5. c3 Bd6 6. Bd3 0-0 7. Nbd2 e5 8. dxe5 Nxe5 9. Nxe5 Bxe5 10. 0-0 Re8 11. Nf3 Bd6 12. b3 Ne4 13. Qc2 Qf6 14. Bb2 Bxh3 15. Ne1 Bd7 16. Bxe4 dxe4 17. f4 exf3 18. Rxf3 Qh6 19. Qf2 Qh2+ 20. Kf1 Qh1+ 21. Qg1 Qxg1+ 22. Kxg1 Bg4 23. Rf2 Rxe3 24. Rd2 Rae8 25. Nc2 Re2 26. Rad1 Rxg2+ 27. Rxg2 Bxd1 28. c4 Bxc2 29. Bxg7 Bg6 30. Bd4 b6 31. c5 Bxc5 32. Bxc5 bxc5 33. Rg5 f5 0-1

[Event "Niedersachsen-ch U16"]
[Site "Rotenburg/Wuemme"]
[Date "2006.04.10"]
[Round "4"]
[White "Collmann, Martin"]
[Black "Bradler, Stephan"]
[Result "1/2-1/2"]
[WhiteElo "1845"]
[BlackElo "1760"]
[PlyCount "38"]
[EventDate "2006.04.08"]
[EventType "swiss"]
[EventRounds "9"]
[EventCountry "GER"]
[SourceTitle "EXT 2007"]
[Source "ChessBase"]
[SourceDate "2006.11.23"]
[SourceVersion "1"]
[SourceVersionDate "2006.11.23"]
[SourceQuality "1"]

1. e4 e5 2. Nf3 Nf6 3. Nxe5 d6 4. Nf3 Nxe4 5. Nc3 Nf6 6. Be2 Be7 7. 0-0 0-0 8. d4 Bf5 9. Bf4 Nc6 10. Re1 Nb4 11. Rc1 Nbd5 12. Nxd5 Nxd5 13. Bg3 Re8 14. c4 Nf6 15. Bd3 Bxd3 16. Qxd3 Nh5 17. Nd2 Bg5 18. Rcd1 Nxg3 19. hxg3 Bxd2 1/2-1/2

[Event "Niedersachsen-ch U16"]
[Site "Rotenburg/Wuemme"]
[Date "2006.04.09"]
[Round "2"]
[White "Wall, Henrik"]
[Black "Bradler, Stephan"]
[Result "1-0"]
[WhiteElo "1925"]
[BlackElo "1760"]
[PlyCount "79"]
[EventDate "2006.04.08"]
[EventType "swiss"]
[EventRounds "9"]
[EventCountry "GER"]
[SourceTitle "EXT 2007"]
[Source "ChessBase"]
[SourceDate "2006.11.23"]
[SourceVersion "1"]
[SourceVersionDate "2006.11.23"]
[SourceQuality "1"]

1. e4 e5 2. Nf3 Nf6 3. Nxe5 d6 4. Nf3 Nxe4 5. Nc3 Nf6 6. d4 d5 7. Bd3 Bg4 8. Bg5 Be7 9. h3 Bh5 10. g4 Bg6 11. Ne5 Bxd3 12. Qxd3 c6 13. Qf5 Nbd7 14. 0-0-0 0-0 15. Rhe1 Re8 16. Bxf6 Nxf6 17. g5 g6 18. Qf3 Nd7 19. Qxf7+ Kh8 20. Nxd7 Qxd7 21. f4 Qd8 22. Kd2 Bf8 23. Rxe8 Qxe8 24. Qxe8 Rxe8 25. Re1 Rxe1 26. Kxe1 Bd6 27. Ne2 Kg7 28. Kf2 Kf7 29. Kf3 Ke6 30. Kg4 c5 31. dxc5 Bxc5 32. c3 b5 33. Nd4+ Bxd4 34. cxd4 b4 35. a3 bxa3 36. bxa3 a6 37. a4 a5 38. h4 Kf7 39. f5 Ke7 40. h5 1-0

[Event "Niedersachsen-ch U16"]
[Site "Rotenburg/Wuemme"]
[Date "2006.04.08"]
[Round "1"]
[White "Bradler, Stephan"]
[Black "Lorenz, Matthias"]
[Result "1-0"]
[WhiteElo "1760"]
[BlackElo "1139"]
[PlyCount "41"]
[EventDate "2006.04.08"]
[EventType "swiss"]
[EventRounds "9"]
[EventCountry "GER"]
[SourceTitle "EXT 2007"]
[Source "ChessBase"]
[SourceDate "2006.11.23"]
[SourceVersion "1"]
[SourceVersionDate "2006.11.23"]
[SourceQuality "1"]

1. e4 c5 2. Nf3 d6 3. d4 cxd4 4. Nxd4 Nc6 5. Be3 g6 6. Nc3 Bg7 7. Qd2 Nf6 8. f3 0-0 9. g4 b6 10. Nxc6 Qc7 11. Nd4 e6 12. Ndb5 Qd7 13. Nxd6 Bb7 14. 0-0-0 Rab8 15. Nxb7 Qxd2+ 16. Rxd2 Rxb7 17. Bb5 Rc7 18. Rhd1 Rfc8 19. Rd8+ Rxd8 20. Rxd8+ Bf8 21. Bh6 1-0

[Event "BEM-ch U16"]
[Site "Helmstedt"]
[Date "2005.10.29"]
[Round "5"]
[White "Sauer, Norwin"]
[Black "Bradler, Stephan"]
[Result "0-1"]
[WhiteElo "1754"]
[BlackElo "1757"]
[PlyCount "60"]
[EventDate "2005.10.27"]
[EventType "swiss"]
[EventRounds "7"]
[EventCountry "GER"]
[SourceTitle "EXT 2007"]
[Source "ChessBase"]
[SourceDate "2006.11.23"]
[SourceVersion "1"]
[SourceVersionDate "2006.11.23"]
[SourceQuality "1"]

1. d4 d5 2. c4 Nc6 3. cxd5 Qxd5 4. e3 e5 5. Nc3 Bb4 6. Bd2 Bxc3 7. Ne2 Bxd2+ 8. Qxd2 exd4 9. Nxd4 Nxd4 10. exd4 Nf6 11. Bd3 0-0 12. 0-0 Bf5 13. Bxf5 Qxf5 14. Rac1 c6 15. Rfe1 Rfe8 16. Rxe8+ Rxe8 17. Re1 Rxe1+ 18. Qxe1 Qe4 19. Qd1 Nd5 20. g3 b5 21. a3 Nc7 22. a4 h6 23. Qc1 bxa4 24. Qc5 Nb5 25. h4 Qe6 26. Qc2 Nxd4 27. Qxa4 Qe1+ 28. Kg2 Qe4+ 29. Kh3 Qh1+ 30. Kg4 f5+ 0-1

[Event "BEM-ch U16"]
[Site "Helmstedt"]
[Date "2005.10.29"]
[Round "6"]
[White "Vogel, Christopher"]
[Black "Bradler, Stephan"]
[Result "1/2-1/2"]
[WhiteElo "1566"]
[BlackElo "1757"]
[PlyCount "92"]
[EventDate "2005.10.27"]
[EventType "swiss"]
[EventRounds "7"]
[EventCountry "GER"]
[SourceTitle "EXT 2007"]
[Source "ChessBase"]
[SourceDate "2006.11.23"]
[SourceVersion "1"]
[SourceVersionDate "2006.11.23"]
[SourceQuality "1"]

1. d4 d5 2. c4 Nc6 3. Nc3 dxc4 4. d5 Ne5 5. e4 a6 6. f4 Nd7 7. Bxc4 Nb6 8. Bd3 e6 9. dxe6 Bxe6 10. Nf3 Bc5 11. Qe2 Nf6 12. Be3 Bxe3 13. Qxe3 Nc4 14. Bxc4 Bxc4 15. Rd1 Qe7 16. b3 Bb5 17. Nd5 Nxd5 18. Rxd5 0-0 19. Kf2 Rad8 20. Rhd1 Rxd5 21. Rxd5 Rd8 22. Rxd8+ Qxd8 23. Qd4 Qxd4+ 24. Nxd4 Bd7 25. Ke3 Kf8 26. Nf3 c5 27. Kd3 Bb5+ 28. Kc3 Bf1 29. g3 Ke7 30. a4 b5 31. axb5 axb5 32. b4 Be2 33. Nd2 Kd6 34. bxc5+ Kxc5 35. Nb3+ Kb6 36. Kb4 Bd3 37. Nd2 Kc6 38. Kc3 Be2 39. Kb4 Kd6 40. Nb1 Bd3 41. Nc3 Kc6 42. e5 h6 43. Nd1 h5 44. Ne3 g6 45. Kc3 Be2 46. Kb4 Bd3 1/2-1/2

[Event "BEM-ch U16"]
[Site "Helmstedt"]
[Date "2005.10.27"]
[Round "2"]
[White "Langenfeld, Olaf"]
[Black "Bradler, Stephan"]
[Result "1/2-1/2"]
[WhiteElo "1566"]
[BlackElo "1757"]
[PlyCount "159"]
[EventDate "2005.10.27"]
[EventType "swiss"]
[EventRounds "7"]
[EventCountry "GER"]
[SourceTitle "EXT 2007"]
[Source "ChessBase"]
[SourceDate "2006.11.23"]
[SourceVersion "1"]
[SourceVersionDate "2006.11.23"]
[SourceQuality "1"]

1. d4 d5 2. Nf3 Nc6 3. h3 g6 4. e3 Bg7 5. Bd3 e5 6. dxe5 Nxe5 7. Nxe5 Bxe5 8. 0-0 Be6 9. Nd2 Bg7 10. e4 Ne7 11. exd5 Bxd5 12. Bc4 0-0 13. Bxd5 Nxd5 14. Nb3 Re8 15. c3 c6 16. Bd2 Qb6 17. Qf3 Re5 18. Rae1 Rae8 19. Rxe5 Rxe5 20. c4 Nf6 21. Bc3 Rf5 22. Qe2 h5 23. c5 Qc7 24. Re1 Rd5 25. Rd1 Rxd1+ 26. Qxd1 Nd5 27. Bxg7 Kxg7 28. Qd4+ Kg8 29. g3 Qe7 30. Nd2 Qe6 31. Kg2 Qe2 32. Ne4 Qc2 33. Nd6 b6 34. Qe5 Qxc5 35. Qe8+ Kg7 36. Qxf7+ Kh6 37. Qf8+ Kh7 38. Qf7+ Kh6 39. Qf8+ Kh7 40. h4 Qd4 41. Nf7 Qg7 42. Ng5+ Kh6 43. Nf7+ Kh7 44. Qe8 Qxb2 45. Ne5 Qc2 46. Qf7+ Kh6 47. Qf8+ Kh7 48. Nf7 Ne3+ 49. Kf3 Qf5+ 50. Kxe3 Qe6+ 51. Kf3 Qd5+ 52. Ke2 Qe4+ 53. Kd1 Qd3+ 54. Kc1 Qf1+ 55. Kc2 Qxf2+ 56. Kb1 Qg1+ 57. Kc2 Qf2+ 58. Kd3 Qxg3+ 59. Ke4 Qe1+ 60. Kf4 Qxh4+ 61. Ke5 Qe1+ 62. Kf6 Qf2+ 63. Ke6 Qe2+ 64. Kd7 Qg4+ 65. Kxc6 Qe6+ 66. Kb7 Qd5+ 67. Kxa7 Qxa2+ 68. Kxb6 Qb2+ 69. Kc7 Qg7 70. Qe7 Kg8 71. Qe8+ Qf8 72. Kd7 Qxe8+ 73. Kxe8 h4 74. Ng5 Kg7 75. Ke7 Kh6 76. Kf6 Kh5 77. Nh3 Kg4 78. Ng1 g5 79. Kg6 Kf4 80. Kh5 1/2-1/2

[Event "Niedersachsen-ch U14"]
[Site "Rotenburg/Wuemme"]
[Date "2005.03.20"]
[Round "3"]
[White "Seemann, Semjon"]
[Black "Bradler, Stephan"]
[Result "0-1"]
[WhiteElo "1671"]
[BlackElo "1764"]
[PlyCount "104"]
[EventDate "2005.03.19"]
[EventType "swiss"]
[EventRounds "9"]
[EventCountry "GER"]
[SourceTitle "EXT 2007"]
[Source "ChessBase"]
[SourceDate "2006.11.23"]
[SourceVersion "1"]
[SourceVersionDate "2006.11.23"]
[SourceQuality "1"]

1. e4 e5 2. Bc4 Nf6 3. d3 c6 4. Nf3 d5 5. exd5 cxd5 6. Bb3 Nc6 7. 0-0 Be7 8. Re1 Bg4 9. h3 Bxf3 10. Qxf3 0-0 11. Nc3 Bb4 12. a3 Bxc3 13. bxc3 h6 14. Bd2 Qd6 15. Qg3 Rad8 16. Ba4 Rfe8 17. Rab1 Re7 18. Bxc6 bxc6 19. Bxh6 Nh5 20. Qh4 Re6 21. Qxh5 gxh6 22. Rb7 Rg6 23. Qxe5 Qxa3 24. Qc7 Rf8 25. Re8 Kg7 26. Qe5+ Rf6 27. Re6 Qc1+ 28. Kh2 Qf4+ 29. Qxf4 Rxf4 30. Kg3 Ra4 31. Rxc6 Ra2 32. Rd7 Rxc2 33. Rxd5 Re8 34. Rf5 Rd8 35. Rf3 Rd7 36. Rc5 a5 37. d4 Ra7 38. c4 a4 39. Ra3 Ra6 40. Kf3 Rf6+ 41. Ke4 Rcxf2 42. Rxa4 R6f4+ 43. Ke3 Rf6 44. Re5 Rxg2 45. Ke4 Rd6 46. Ra3 f6 47. Rb5 Re2+ 48. Re3 Re6+ 49. Kf5 R6xe3 50. Rb7+ Re7 51. Rxe7+ Rxe7 52. d5 Re5+ 0-1

[Event "Niedersachsen-ch U14"]
[Site "Borkum"]
[Date "2004.04.08"]
[Round "8"]
[White "Bradler, Stephan"]
[Black "Lick, Patrick"]
[Result "1-0"]
[WhiteElo "1603"]
[BlackElo "1559"]
[PlyCount "101"]
[EventDate "2004.04.??"]
[EventType "swiss"]
[EventRounds "9"]
[EventCountry "GER"]
[SourceTitle "EXT 2005"]
[Source "ChessBase"]
[SourceDate "2004.11.15"]
[SourceVersion "1"]
[SourceVersionDate "2004.11.15"]
[SourceQuality "1"]

1. e4 e6 2. d4 d5 3. Nc3 Bb4 4. e5 c5 5. a3 Bxc3+ 6. bxc3 Ne7 7. Qg4 Qc7 8. Qxg7 Rg8 9. Qxh7 cxd4 10. Bd2 Qxe5+ 11. Ne2 Nbc6 12. Rd1 dxc3 13. Bxc3 Qd6 14. Bb2 e5 15. Ng3 Be6 16. Be2 0-0-0 17. Qd3 f5 18. Qb5 f4 19. Ne4 Qc7 20. Nc5 Bf7 21. h3 Qb6 22. Qxb6 axb6 23. Nb3 Be6 24. Kf1 Bf5 25. Bd3 e4 26. Bb5 f3 27. g4 Bh7 28. Rd2 Na7 29. Nd4 Nxb5 30. Nxb5 Nc6 31. Bd4 Nxd4 32. Nxd4 Kd7 33. Kg1 Ra8 34. Kh2 Rxa3 35. Nb5 Ra5 36. Rxd5+ Kc6 37. c4 Rf8 38. Nd4+ Kc7 39. Ne6+ Kc6 40. Nxf8 Ra2 41. Kg3 Bg8 42. Rd4 Re2 43. Ng6 Kc5 44. Rhd1 Bxc4 45. Nf4 Rc2 46. Rxe4 b5 47. Ree1 b4 48. Rc1 Ra2 49. Re4 b5 50. Nd3+ Kd5 51. Rexc4 1-0